| 000 | 00000nas 2200000za 4500 |
| 001 | 9.874776 |
| 003 | CaOODSP |
| 005 | 20221107164302 |
| 007 | cr ||||||||||| |
| 008 | 190612d20042004oncar p o f0 a0eng|d |
| 040 | |aCaOODSP|beng |
| 043 | |an-cn--- |
| 086 | 1 |aHS21-1/1E-PDF|zHS21-1/2004E-PDF |
| 110 | 1 |aCanada. |bHuman Resources and Skills Development Canada. |
| 245 | 10|aAnnual report, Employment Equity Act |h[electronic resource]. |
| 260 | |aOttawa : |bHuman Resources and Skills Development Canada, |cc2005. |
| 310 | |aAnnual |
| 362 | 0 |a2004. |
| 500 | |aIssued also in French under title: Rapport annuel, Loi sur l'équité en matière d'emploi. |
| 690 | 07|aAnnual reports|2gcpds |
| 690 | 07|aEmployment equity|2gcpds |
| 775 | 08|tRapport annuel, Loi sur l'équité en matière d'emploi |w(CaOODSP)9.874777 |
| 780 | 00|tAnnual report, Employment Equity Act |w(CaOODSP)9.507345 |
| 785 | 00|tAnnual report, Employment Equity Act |w(CaOODSP)9.507129 |